| 000 | 00368nam a22001577a 4500 | ||
|---|---|---|---|
| 003 | macl | ||
| 005 | 20190328160558.0 | ||
| 008 | 190328b xxu||||| |||| 00| 0 eng d | ||
| 040 | _cmacl | ||
| 082 | _a831/Dee | ||
| 100 |
_aDeed,Jaswant _973983 |
||
| 245 | _aKamandal | ||
| 260 |
_aNew delhi _bSahitya akademi _c2014 |
||
| 650 |
_apoetry _973984 |
||
| 942 |
_2ddc _cBK _k831 |
||
| 999 |
_c59146 _d59146 |
||